| 000 | 00815cam a2200193 4500 | ||
|---|---|---|---|
| 001 | WB3729-32 | ||
| 008 | 010724n2001 000 0 eng u | ||
| 035 | _a(Sirsi) u113732 | ||
| 245 | _aDEFRA publishes review of origin of BSE | ||
| 260 | _c2001 | ||
| 490 |
_aDEFRA News Release _v(57/01) 19 July 2001, (1) |
||
| 520 | _aIndependent Review of Origin of BSE published by Secretary of State for Environment, Food and Rural Affairs. Findings agree with many other reports into BSE but add the possibility that an unmodified scrapie agent may have been the cause of the disease. A copy of the review can be found at: http://www.defra.gov.uk/animalh/bse/bseorigin.pdf | ||
| 590 | _aWB | ||
| 650 | _aBSE | ||
| 650 | _aBSE INQUIRY | ||
| 650 | _aSCRAPIE | ||
| 690 | _aRURAL-AGRICULTURE AND FORESTRY | ||
| 942 | _n0 | ||
| 999 |
_c67761 _d67761 |
||